Nihon minzokugaku gaisetsu /
Disimpan dalam:
| Pengarang Utama: | |
|---|---|
| Format: | Buku |
| Bahasa: | Japanese |
| Diterbitkan: |
Tōkyō :
Tōkai Shobō,
Shōwa 22 [1947], Shōwa 23 [1948] printing.
|
| Subjek-subjek: | |
| Penanda-penanda: |
Tambah Penanda
Tiada Penanda, Jadilah orang pertama menanda rekod ini!
|
| LEADER | 00903nam a2200253 i 4500 | ||
|---|---|---|---|
| 001 | 007716918-2 | ||
| 005 | 20024617120653.0 | ||
| 008 | 911217s1947 ja b 000 0 jpn | ||
| 010 | |a 77812765 /J | ||
| 035 | 0 | |a ocm24980856 | |
| 040 | |a DLC |c CLU |d *YNH* |d CStRLIN | ||
| 050 | 0 | |a GN308.3.J3 |b W34 | |
| 100 | 1 | |6 880-01 |a Wakamori, Tarō, |d 1915-1977. | |
| 245 | 1 | 0 | |6 880-02 |a Nihon minzokugaku gaisetsu / |c Wakamori Tarō cho. |
| 260 | |6 880-03 |a Tōkyō : |b Tōkai Shobō, |c Shōwa 22 [1947], Shōwa 23 [1948] printing. | ||
| 300 | |a 4, 10, 297 p. ; |c 19 cm. | ||
| 500 | |a Colophon inserted. | ||
| 504 | |a Bibliography: p. 279-297. | ||
| 650 | 0 | |a Ethnology |z Japan |x History. | |
| 880 | 1 | |6 100-01 |a 和歌森太郎, |d 1915-1977. | |
| 880 | 1 | 0 | |6 245-02 |a 日本民俗學概說 / |c 和歌森太郎著. |
| 880 | |6 260-03 |a 東京 : |b 東海書房, |c 昭和22 [1947], 昭和23 [1948] printing. | ||
| 988 | |a 20021214 | ||
| 906 | |0 DLC | ||


